| 000 | 00711nam a22002770a 4500 | ||
|---|---|---|---|
| 001 | PT52376 | ||
| 003 | AR-LpoUNG | ||
| 005 | 20210131231517.0 | ||
| 008 | 191001s1995||||ag |||||||||||||||||spa d | ||
| 020 |
_a9508431172 _c$5.90 |
||
| 040 |
_aAR-LpoUNG _bspa _cAR-LpoUNG _eaacr |
||
| 041 | _aspa | ||
| 044 | _aag | ||
| 082 | 0 | _aA861 638vid | |
| 100 | 1 | _aBlanco Amores de Pagella, Ángela | |
| 245 | 1 | 0 | _aVida y poesía |
| 260 |
_aBuenos Aires : _bVinciguerra, _cjulio 1995. |
||
| 300 |
_a230 p. : _bgráfs. |
||
| 650 | 4 | _aARGENTINA | |
| 650 | 4 | _aLITERATURA | |
| 650 | 4 | _aPOESIA | |
| 651 | 4 | _aDOCUMENTOS TEORICOS O METODOLOGICOS | |
| 653 | _aLITERATURA ARGENTINA | ||
| 905 | _a52376 | ||
| 942 | _cLIB | ||
| 999 |
_c10422 _d10422 |
||